| 000 | 01383 a2200253 4500 | ||
|---|---|---|---|
| 001 | 24 | ||
| 005 | 20260407155403.0 | ||
| 008 | 260407a2003 arg spa d | ||
| 003 | AR-UNSa-BCEJYS | ||
| 040 |
_aAR-UNSa-BCEJYS _bspa _cAR-UNSa-BCEJYS |
||
| 080 |
_a510 _xConsideraciones fundamentales y generales de las matemáticas |
||
| 245 | 1 | 0 | _aMatematicas para administración y economía |
| 020 | _a978-970-26-0383-2 | ||
| 250 | _a10a. ed | ||
| 264 | 1 |
_aMéxico : _bPearson Educación _c2003 |
|
| 300 |
_axv, 846 p. _c27 cm |
||
| 505 | _a0. Repaso de álgebra - 1. Ecuaciones - 2. Aplicaciones de ecuaciones y desigualdades - 3. Funciones y gráficas - 4. Rectas, parábolas y sistemas de ecuaciones - 5. Funciones exponencial y logarítmica - 6. Algebra de matrices - 7. Programación lineal - 8. Matemáticas financieras - 9. Límites y continuidad - 10. Diferenciación - 11. Temas adicionales de diferenciación - 12. Trazado de curvas - 13. Aplicaciones de la diferenciación - 14. Integración - 15. Métodos y aplicaciones de la integración - 16. Cálculo de varias variables | ||
| 041 | _aspa | ||
| 942 | _cBK | ||
| 590 | _aniveau_biblio:m niveau_hierar:0 | ||
| 100 | 1 | _aHaeussler, Ernest F. | |
| 700 | 1 | _aPaul, Richard S. | |
| 856 | 4 | 1 |
_uhttps://biblioeco.unsa.edu.ar/pmb/images/libros/Matem?ticas para administraci?n y econom?a-l86941.jpg _yImagen de portada _qimage/jpeg |
| 999 |
_c19 _d19 |
||